Rail Method of Measurement detailed measurement (Record no. 121600)

MARC details
000 -LEADER
fixed length control field 01457nam a22002297a 4500
008 - FIXED-LENGTH DATA ELEMENTS--GENERAL INFORMATION
fixed length control field 230707s2014 xxk|||||o|||| 00| 0 eng d
041 ## - LANGUAGE CODE
Language code of text/sound track or separate title eng
110 ## - MAIN ENTRY--CORPORATE NAME
Corporate author Royal Institution of Chartered Surveyors
245 ## - TITLE STATEMENT
Title Rail Method of Measurement detailed measurement
Subtitle Industry Consultation Issue
Medium [Electronic resource]
260 ## - PUBLICATION INFORMATION
Publisher Network Rail Infrastructure Ltd
Date 2014
300 ## - PHYSICAL DESCRIPTION
Physical description 106
500 ## - GENERAL NOTE
General note Also known as RMM 2 or RMM Volume 2. Industry Consultation Issue. RICS does not have Volumes 1 or 3. <br/>
500 ## - GENERAL NOTE
General note Others involved in this standard: ICE, RICS, CECA, RIA
520 ## - ABSTRACT
Abstract The Rail Method of Measurement has been written to provide a basis for the elemental cost analysis, measurement and valuation of all costs of a project, whether they are incurred by the infrastructure owner or the contractor thus providing, if so desired, Total Cost Management of Projects. RMM has been written to provide a progressive integrated measurement and valuation process in context with project development and delivery processes used by railway infrastructure owners, network operators and suppliers in the UK
650 ## - KEYWORDS
Keywords RAIL METHOD OF MEASUREMENT
650 ## - KEYWORDS
Keywords MEASUREMENT
651 ## - SUBJECT ADDED ENTRY--GEOGRAPHIC NAME
Geographic name United Kingdom
690 ## - BROAD SUBJECT
9 (RLIN) 6256
Broad subject Measurement
710 2# - ADDED CORPORATE NAME
Added corporate author Network Rail
856 ## - ONLINE RESOURCE
Uniform Resource Identifier <a href="https://rics.koha-ptfs.co.uk/cgi-bin/koha/opac-retrieve-file.pl?id=09b105502529bd4805035d3b8c52eecc">https://rics.koha-ptfs.co.uk/cgi-bin/koha/opac-retrieve-file.pl?id=09b105502529bd4805035d3b8c52eecc</a>
Public note RMM2 Consultation Issue 2014 available here
942 ## - ADDED ENTRY ELEMENTS (KOHA)
Suppress in OPAC Do not suppress in OPAC
Holdings
Lost status Damaged status Not for loan Current library Shelving location Date acquired Total Checkouts Full call number Date last seen Price effective from Koha item type
      Virtual Online 07/07/2023   ONLINE PUBLICATION 07/07/2023 07/07/2023 Online material